000 00485ntaaa2200169 4500
003 01
005 20251027202853.0
008 0714s1973 ag 01
040 _aAR-BaBN
_bspa
_cAR-BaBN
_eaacr
_dRIC
082 _a269.1000 C26m
245 _aManual del maestro de la escuela evangelistica de laicos en la iglesia local
250 _a2 ed.
260 _aEl Paso :
_bCasa Bautista de Publicaciones,
_c1973
300 _a51 p ;
_c21 cm
650 _aevangelismo-laicos
_911632
942 _cBK
999 _c24075
_d24075